000 00318nam a2200145Ia 4500
005 20260513122052.0
020 _a9780134757599
100 _aFowler
365 _c
365 _b25.00
942 _cBK
245 _aRefactoring: Improving the Design of Existing Code 2/e
260 _bPearson
999 _c80
_d80